| 000 | 00748nam a2200181Ia 4500 | ||
|---|---|---|---|
| 008 | 100920s9999 xx 000 0 und d | ||
| 082 |
_b15181 _a51 थ 63 |
||
| 100 | _aकेळकर व्दा.वा. | ||
| 245 | _aअर्वाचीन भारतीय शास्त्रज्ञ. | ||
| 260 |
_bवोरा ऍण्ड कंपनी पब्लिशर्स प्रा.लि.मुंबई. _c1963 |
||
| 300 |
_a84 _bसाधी |
||
| 365 | _b1.75 | ||
| 520 | _aचरित्र. | ||
| 630 | _aअर्वाचीन भारतीय शास्त्रज्ञ. | ||
| 650 | _aचरित्र. | ||
| 730 | _aअर्वाचीन भारतीय शास्त्रज्ञ. | ||
| 942 | _cBOOK | ||
| 999 |
_c678816 _d678813 |
||